| 000 | 00500nam a2200181Ia 4500 | ||
|---|---|---|---|
| 003 | GCL | ||
| 008 | 140319s9999 xx 000 0 eng d | ||
| 040 |
_aGCL / _cGCL |
||
| 082 | 0 | 4 |
_a335.02 _bL C |
| 100 | 1 | _aLOGAN GEORGE M. | |
| 245 | 1 | 0 |
_aCAMBRIDGE TEXTS IN THE HISTORY OF POLITICAL THOUGHT / _cLOGAN GEORGE M. |
| 700 | 1 | _aADAMS, ROBERT M. | |
| 260 |
_a[S.N] : _bCAMBRIDGE UNIVERSITY PRESS ، _c1989 |
||
| 650 | 0 | 4 | _aPOLITICAL THOUGHT |
| 650 | 0 | 4 | _aUTOPIAS |
| 650 | 0 | 4 | _aWORKS |
| 942 |
_2ddc _cBK |
||
| 999 |
_c23847 _d23847 |
||